1096 1050 1588 1886 1191 1497 1048 1901 1800 1459 1604 1513 1911 1940 1169 1627 1567 1086 1378 1969 1907 1001 1082 1402 1912 1029 1437 1892 1219 1670 1325 1654 1975 1046 1713 1922 1482 1575 1826 1447 1838 1252 1018 1622 1975 1625 1589 1192 1018 1916 1255 1350 1760 1301 1903 1322 1224 1014 1718 1479 1929 1993 1383 1081 1423 1133 1834 1415 1409 1179 1464 1052 1075 1931 1704 1485 1515 1149 1661 1300 1227 1762 1917 1656 1893 1638 1336 1044 1757 1204 1386 1093 1166 1798 1474 1911 1531 1763 1850 BCNSPRNW ULIB Ver.6.0+V

เปลี่ยนเป็นภาษาไทย

Change to English
 แสดงรายละเอียดบรรณานุกรม
  กลับหน้าหลัก

Brief Record : Get Marc (ISO 2709) : E-mail record : QR code < ปิดหน้าต่าง
LEADER : 00000nam 2200000uu 4500
001    13399120243
003     ULIB
008    120917s2546||||th 000 0 tha d
020    ^a9741322569
060 04 ^aWY161^bว528ก 2546
100 0  ^aวิจิตรา กุสุมภ์
245 10 ^aการพยาบาลผู้ป่วยที่มีบาดแผล =^bWound care for health professionals /^cวิจิตรา กุสุมภ์
246 31 ^aWound care for health professionals
250    ^aพิมพ์ครั้งที่ 3 ฉบับปรับปรุงเพิ่มเติม
260    ^aกรุงเทพฯ :^สำนักพิมพ์แห่งจุฬาลงกรณ์มหาวิทยาลัย,^c2546
300    ^a104 หน้า :^bภาพประกอบ ;^c26 ซม.
504    ^aบรรณานุกรมและดัชนี
650  7 ^aบาดแผลและบาดเจ็บ^xการพยาบาล
650  7 ^aผู้ป่วย^xบาดแผลและบาดเจ็บ
710 2  ^aวิทยาลัยพยาบาลเกื้อการุณย์
945    ^p100^l0^i12152
945    ^p100^l0^i12726
945    ^p100^l0^i12156
945    ^p100^l0^i12724
945    ^p100^l0^i12153
945    ^p100^l0^i12723
945    ^p100^l0^i12155
945    ^p100^l0^i14842
995    ^aวิภา
999 ^a ใช้งานได้ทุกระบบ
รายการนี้ยังไม่มีแท็ก
คุณยังไม่ได้ล็อกอิน คุณสามารถมีกิจกรรมร่วมกับเว็บไซต์ได้ แต่ต้องล็อกอินก่อน ::
  ล็อกอิน

รายการสื่อสารสนเทศ

ลำดับที่ ประเภท เลขเรียก/บาร์โค้ด สถานที่ สถานะ
1. วิทยาศาสตร์การแพทย์ และสุขภาพ
วิทยาศาสตร์การแพทย์ และสุขภาพ
WY161 ว528ก 2546  
  Barcode: 12152
ห้องสมุดวิทยาเขตสวรรค์ประชารักษ์
►หนังสือทั่วไป
ถูกยืม กำหนดส่งวันที่ 11 พฤษภาคม 2558
  จอง
2. วิทยาศาสตร์การแพทย์ และสุขภาพ
วิทยาศาสตร์การแพทย์ และสุขภาพ
WY161 ว528ก 2546 ฉ.2 
  Barcode: 12726
ห้องสมุดวิทยาเขตสวรรค์ประชารักษ์
►หนังสือทั่วไป
ถูกยืม กำหนดส่งวันที่ 11 พฤษภาคม 2558
  จอง
3. วิทยาศาสตร์การแพทย์ และสุขภาพ
วิทยาศาสตร์การแพทย์ และสุขภาพ
WY161 ว528ก 2546 ฉ.3 
  Barcode: 12156
ห้องสมุดวิทยาเขตสวรรค์ประชารักษ์
►หนังสือทั่วไป
ถูกยืม กำหนดส่งวันที่ 11 พฤษภาคม 2558
  จอง
4. วิทยาศาสตร์การแพทย์ และสุขภาพ
วิทยาศาสตร์การแพทย์ และสุขภาพ
WY161 ว528ก 2546 ฉ.4 
  Barcode: 12724
ห้องสมุดวิทยาเขตสวรรค์ประชารักษ์
►หนังสือทั่วไป
ถูกยืม กำหนดส่งวันที่ 11 พฤษภาคม 2558
  จอง
5. วิทยาศาสตร์การแพทย์ และสุขภาพ
วิทยาศาสตร์การแพทย์ และสุขภาพ
WY161 ว528ก 2546 ฉ.5 
  Barcode: 12153
ห้องสมุดวิทยาเขตสวรรค์ประชารักษ์
►หนังสือทั่วไป
ถูกยืม กำหนดส่งวันที่ 11 พฤษภาคม 2558
  จอง
6. วิทยาศาสตร์การแพทย์ และสุขภาพ
วิทยาศาสตร์การแพทย์ และสุขภาพ
WY161 ว528ก 2546 ฉ.6 
  Barcode: 12723
ห้องสมุดวิทยาเขตสวรรค์ประชารักษ์
►หนังสือทั่วไป
ถูกยืม กำหนดส่งวันที่ 11 พฤษภาคม 2558
  จอง
7. วิทยาศาสตร์การแพทย์ และสุขภาพ
วิทยาศาสตร์การแพทย์ และสุขภาพ
WY161 ว528ก 2546 ฉ.7 
  Barcode: 12155
ห้องสมุดวิทยาเขตสวรรค์ประชารักษ์
►หนังสือทั่วไป
บนชั้น
8. Book การพยาบาล
Book การพยาบาล
WY161 ว528ก 2546 ฉ.8 
  Barcode: 14842
ห้องสมุดวิทยาเขตนครสวรรค์
►หนังสือทั่วไป:l:General Books
ถูกยืม กำหนดส่งวันที่ 11 พฤษภาคม 2558
  จอง

รายการใกล้เคียง
    ผู้แต่ง [วิจิตรา กุสุมภ์]

BibComment


ยังไม่เคยถูกคอมเมนท์

คอมเมนท์ทรัพยากรรายการนี้
  คอมเมนท์: การพยาบาลผู้ป่วย..


 Copyright 2026. Bcnsprnw @Library